| 000 | 00504pab a2200169 454500 | ||
|---|---|---|---|
| 008 | 180718b2001 xxu||||| |||| 00| 0 eng d | ||
| 100 | _aDebroy, Bibek | ||
| 245 | _aPrivies and purses; the government should pay, even if it can't provide for public goods | ||
| 260 | _c2001 | ||
| 300 | _ap.10 | ||
| 362 | _a14 Nov | ||
| 650 | _aIndia - Economic conditions | ||
| 650 | _aEconomic and social development - India | ||
| 650 | _aEconomic and social development | ||
| 773 | _aTelegbraph | ||
| 909 | _a50960 | ||
| 999 |
_c50960 _d50960 |
||